000
00338nam a2200145Ia 4500
008
150201s2014 xx 000 0 und d
082
_a
610.72
_b
B14B
100
_a
BASAVANATHAPPA , BT.
245
_a
BIOSTATISTICS FOR NURSES
250
_a
1ST
260
_b
JAYPEE
_a
DELHI
_c
2014
300
_a
570
650
_a
RESEARCH
942
_2
ddc
_c
BK
999
_c
2402
_d
2402